Gobi Desert Geography - Statistics

General Stats
  • This quiz has been taken 5 times
  • The average score is 3 of 13
Answer Stats
Hint Answer % Correct
Very large country that contains part of the Gobi China
100%
The other country Mongolia
100%
These running bodies of water are rare in the Gobi River
40%
An uncommon source of water and plant life Oasis
20%
_____ Plateau: Semi-desert ecoregion in the southwest Alashan
0%
Most common Gobi biome Dunes
0%
Western river basin, the largest in the Gobi Dzungarian
0%
Biggest steppe in the Gobi Eastern Gobi
0%
Second-biggest steppe Gobi Lakes Valley
0%
The Chinese part of the Gobi is completely within this region Inner Mongolia
0%
The second-most common Steppe
0%
Desert to the west of the Gobi Taklamakan
0%
Mountain range that separates the Gobi and the above desert Tian Shan
0%
No matching quizzes found
Score Distribution
Percent of People with Each Score
Percentile by Number Answered
Your Score History
You have not taken this quiz